[Event "World Chess Olympiad 2018"]
[Site "Batumi"]
[Date "2018.10.04"]
[Round "10"]
[Board "1"]
[WhiteFideId "16000021"]
[White "Mutabazi Fidele"]
[BlackFideId "1950711"]
[Black "Monteiro Antonio"]
[Result "1/2-1/2"]
[LiveChessVersion "1.4.8"]
[BlackElo "1877"]
[WhiteElo "1818"]

1. e4 {[%clk 1:30:26]} c5 {[%clk 1:30:28]} 2. Nf3 {[%clk 1:30:19]} d6
{[%clk 1:30:38]} 3. c3 {[%clk 1:30:15]} Nc6 {[%clk 1:30:16]} 4. Bb5
{[%clk 1:29:31]} Qb6 {[%clk 1:29:42]} 5. a4 {[%clk 1:25:22]} a6 {[%clk 1:24:22]}
6. Bxc6+ {[%clk 1:25:20]} Qxc6 {[%clk 1:23:17]} 7. d3 {[%clk 1:25:16]} Bg4
{[%clk 1:22:20]} 8. O-O {[%clk 1:24:24]} Nf6 {[%clk 1:22:01]} 9. h3
{[%clk 1:23:01]} Bh5 {[%clk 1:21:06]} 10. Re1 {[%clk 1:19:25]} e6
{[%clk 1:18:56]} 11. Nbd2 {[%clk 1:16:52]} Be7 {[%clk 1:11:36]} 12. Nf1
{[%clk 1:17:02]} h6 {[%clk 1:10:36]} 13. Ng3 {[%clk 1:16:42]} Bg6
{[%clk 1:11:00]} 14. Be3 {[%clk 1:16:39]} O-O {[%clk 1:10:29]} 15. c4
{[%clk 1:14:21]} e5 {[%clk 1:09:22]} 16. Nh4 {[%clk 1:12:35]} Qd7
{[%clk 1:07:56]} 17. Nhf5 {[%clk 1:12:39]} Kh7 {[%clk 1:03:44]} 18. Qd2
{[%clk 1:13:02]} Bxf5 {[%clk 1:02:17]} 19. Nxf5 {[%clk 1:13:21]} Ng8
{[%clk 1:01:01]} 20. g4 {[%clk 1:10:54]} g5 {[%clk 0:59:16]} 21. h4
{[%clk 1:08:34]} f6 {[%clk 0:57:59]} 22. Kg2 {[%clk 1:08:38]} Kg6
{[%clk 0:57:42]} 23. Rh1 {[%clk 1:08:39]} Rf7 {[%clk 0:56:32]} 24. hxg5
{[%clk 1:07:19]} hxg5 {[%clk 0:56:40]} 25. Qe1 {[%clk 1:05:01]} Bf8
{[%clk 0:54:47]} 26. Rh3 {[%clk 1:01:11]} Rh7 {[%clk 0:53:16]} 27. Qh1
{[%clk 1:01:03]} Rxh3 {[%clk 0:52:37]} 28. Qxh3 {[%clk 1:01:31]} Qh7
{[%clk 0:52:35]} 29. Qxh7+ {[%clk 0:53:25]} Kxh7 {[%clk 0:53:02]} 30. Rh1+
{[%clk 0:53:05]} Kg6 {[%clk 0:53:07]} 31. Rh8 {[%clk 0:51:55]} Bg7
{[%clk 0:45:09]} 32. Rxg8 {[%clk 0:44:43]} Rxg8 {[%clk 0:45:04]} 33. Ne7+
{[%clk 0:45:05]} Kf7 {[%clk 0:45:23]} 34. Nxg8 {[%clk 0:45:32]} Kxg8
{[%clk 0:45:45]} 35. Bd2 {[%clk 0:44:13]} Kf7 {[%clk 0:45:58]} 36. Ba5
{[%clk 0:44:33]} Ke8 {[%clk 0:45:56]} 37. Kf1 {[%clk 0:43:09]} Kd7
{[%clk 0:46:14]} 38. Bc3 {[%clk 0:37:31]} Kc6 {[%clk 0:43:51]} 39. a5
{[%clk 0:32:07]} b6 {[%clk 0:41:59]} 40. axb6 {[%clk 0:59:43]} Kxb6
{[%clk 1:12:22]} 41. Ke1 {[%clk 0:59:48]} a5 {[%clk 1:11:32]} 42. Kd1
{[%clk 0:59:26]} a4 {[%clk 1:10:08]} 43. Kc1 {[%clk 0:59:23]} Bf8
{[%clk 1:10:17]} 44. Kb1 {[%clk 0:59:52]} Be7 {[%clk 1:10:33]} 45. Ka2
{[%clk 0:59:34]} Bd8 {[%clk 1:10:05]} 46. Ka3 {[%clk 1:00:03]} Ka6
{[%clk 1:10:06]} 47. Kxa4 {[%clk 1:00:30]} Bc7 {[%clk 1:07:03]} 48. b4
{[%clk 0:59:13]} Kb6 {[%clk 1:06:56]} 49. b5 {[%clk 0:58:59]} Kb7
{[%clk 1:02:19]} 50. Ba5 {[%clk 0:51:55]} Bb6 {[%clk 1:01:07]} 51. Bxb6
{[%clk 0:52:24]} Kxb6 {[%clk 1:01:35]} 52. f3 {[%clk 0:52:42]} Ka7
{[%clk 1:01:49]} 53. Ka5 {[%clk 0:53:11]} Kb7 {[%clk 1:01:10]} 54. b6
{[%clk 0:53:38]} Kb8 {[%clk 1:00:22]} 55. Ka6 {[%clk 0:54:02]} Ka8
{[%clk 1:00:14]} 56. b7+ {[%clk 0:54:20]} Kb8 {[%clk 1:00:23]} 57. Ka5
{[%clk 0:51:35]} Kxb7 {[%clk 1:00:17]} 58. Kb5 {[%clk 0:51:47]} Kc7
{[%clk 0:59:29]} 59. Ka6 {[%clk 0:52:04]} Kc6 {[%clk 0:58:48]} 60. Ka5
{[%clk 0:44:59]} Kc7 {[%clk 0:58:11]} 61. Kb5 {[%clk 0:44:02]} Kb7
{[%clk 0:58:35]} 62. Ka5 {[%clk 0:44:19]} Kc7 {[%clk 0:59:03]} 63. Ka6
{[%clk 0:42:10]} Kc6 {[%clk 0:59:30]} 64. Ka5 {[%clk 0:36:36]} Kc7
{[%clk 0:59:39]} 1/2-1/2

[Event "World Chess Olympiad 2018"]
[Site "Batumi"]
[Date "2018.10.04"]
[Round "10"]
[Board "2"]
[WhiteFideId "1928112"]
[White "Pereira Eder Marcio"]
[BlackFideId "16000480"]
[Black "Nzabanita Joseph"]
[Result "1-0"]
[LiveChessVersion "1.4.8"]
[BlackElo "1849"]
[WhiteElo "1781"]

1. d4 {[%clk 1:30:07]} Nf6 {[%clk 1:30:52]} 2. Bf4 {[%clk 1:30:13]} d5
{[%clk 1:30:00]} 3. e3 {[%clk 1:30:31]} Bf5 {[%clk 1:30:08]} 4. Nf3
{[%clk 1:28:19]} Nbd7 {[%clk 1:29:44]} 5. c4 {[%clk 1:28:24]} e6 {[%clk 1:28:16]}
6. Nc3 {[%clk 1:27:38]} c6 {[%clk 1:28:07]} 7. Qb3 {[%clk 1:23:00]} Qb6
{[%clk 1:28:13]} 8. c5 {[%clk 1:20:41]} Qxb3 {[%clk 1:27:50]} 9. axb3
{[%clk 1:21:03]} Nh5 {[%clk 1:27:41]} 10. b4 {[%clk 1:11:47]} Nxf4
{[%clk 1:27:52]} 11. exf4 {[%clk 1:12:07]} Be7 {[%clk 1:24:27]} 12. h3
{[%clk 1:06:17]} O-O {[%clk 1:23:35]} 13. b5 {[%clk 1:06:37]} f6 {[%clk 1:19:39]}
14. g4 {[%clk 1:02:59]} Bg6 {[%clk 1:19:04]} 15. Bg2 {[%clk 0:59:49]} Bf7
{[%clk 1:19:24]} 16. b4 {[%clk 0:54:41]} e5 {[%clk 1:19:19]} 17. fxe5
{[%clk 0:49:20]} fxe5 {[%clk 1:19:44]} 18. dxe5 {[%clk 0:49:37]} Nxe5
{[%clk 1:18:51]} 19. Nxe5 {[%clk 0:39:21]} Bf6 {[%clk 1:19:31]} 20. f4
{[%clk 0:39:44]} g5 {[%clk 1:19:41]} 21. Kd2 {[%clk 0:38:57]} gxf4
{[%clk 1:18:54]} 22. Nd7 {[%clk 0:34:29]} Bxc3+ 23. Kxc3 {[%clk 0:34:41]} Rfd8
{[%clk 1:18:06]} 24. bxc6 {[%clk 0:34:29]} bxc6 {[%clk 1:18:12]} 25. Ne5
{[%clk 0:34:02]} d4+ {[%clk 1:18:02]} 26. Kd3 {[%clk 0:34:09]} Bd5
{[%clk 1:18:23]} 27. Bxd5+ {[%clk 0:33:40]} Rxd5 {[%clk 1:17:40]} 28. Nxc6
{[%clk 0:33:56]} Re8 {[%clk 1:17:57]} 29. Rhe1 {[%clk 0:32:48]} Re3+
{[%clk 1:18:18]} 30. Rxe3 {[%clk 0:33:08]} dxe3+ {[%clk 1:18:20]} 31. Ke4
{[%clk 0:32:49]} e2 {[%clk 1:17:21]} 32. Kxd5 {[%clk 0:32:24]} f3
{[%clk 1:17:17]} 33. Nd4 {[%clk 0:32:44]} 1-0

[Event "World Chess Olympiad 2018"]
[Site "Batumi"]
[Date "2018.10.04"]
[Round "10"]
[Board "3"]
[WhiteFideId "16000145"]
[White "Murara Urwintwari Ian"]
[BlackFideId "23600110"]
[Black "Barros Luis"]
[Result "1-0"]
[LiveChessVersion "1.4.8"]
[BlackElo "1774"]
[WhiteElo "1677"]

1. d4 {[%clk 1:30:38]} Nf6 {[%clk 1:30:40]} 2. c4 {[%clk 1:30:47]} e6
{[%clk 1:29:47]} 3. a3 {[%clk 1:30:49]} c5 {[%clk 1:29:48]} 4. e3
{[%clk 1:30:41]} Nc6 {[%clk 1:28:45]} 5. Nc3 {[%clk 1:29:25]} a6 {[%clk 1:28:20]}
6. Nf3 {[%clk 1:27:41]} d5 {[%clk 1:24:03]} 7. dxc5 {[%clk 1:25:59]} Bxc5
{[%clk 1:23:52]} 8. cxd5 {[%clk 1:26:14]} exd5 {[%clk 1:23:27]} 9. b4
{[%clk 1:23:08]} Bd6 {[%clk 1:19:27]} 10. Bb2 {[%clk 1:20:18]} O-O 11. Be2
{[%clk 1:19:59]} b5 {[%clk 1:17:25]} 12. Qc2 {[%clk 1:17:22]} g6 {[%clk 1:14:15]}
13. Nxd5 {[%clk 1:10:51]} Nxd5 {[%clk 1:06:43]} 14. Qxc6 {[%clk 1:10:50]} Be6
{[%clk 1:07:02]} 15. O-O {[%clk 1:02:41]} Qe7 {[%clk 1:06:51]} 16. Qc2
{[%clk 1:00:46]} Rac8 {[%clk 1:04:45]} 17. Qd2 {[%clk 1:00:25]} f5
{[%clk 1:01:37]} 18. Rad1 {[%clk 0:54:02]} Rcd8 {[%clk 1:00:01]} 19. Nd4
{[%clk 0:51:14]} f4 {[%clk 0:58:14]} 20. Bf3 {[%clk 0:23:08]} Nf6
{[%clk 0:47:34]} 21. Nc6 {[%clk 0:21:35]} Qf7 {[%clk 0:39:36]} 22. Nxd8
{[%clk 0:20:02]} Rxd8 {[%clk 0:39:50]} 23. Qc3 {[%clk 0:18:53]} Kg7
{[%clk 0:37:16]} 24. exf4 {[%clk 0:16:42]} Rc8 {[%clk 0:34:13]} 25. Qe3
{[%clk 0:14:54]} Bb8 {[%clk 0:29:44]} 26. Rfe1 {[%clk 0:14:31]} Re8
{[%clk 0:29:46]} 27. Bd5 {[%clk 0:12:32]} Ba7 {[%clk 0:21:30]} 28. Bxf6+
{[%clk 0:11:38]} Qxf6 {[%clk 0:10:05]} 29. Qxa7+ {[%clk 0:12:01]} Re7
{[%clk 0:09:58]} 30. Qxa6 {[%clk 0:11:30]} Kf7 {[%clk 0:04:16]} 31. Rxe6
{[%clk 0:10:47]} Rxe6 {[%clk 0:03:26]} 32. Qxe6+ {[%clk 0:11:13]} Qxe6
{[%clk 0:03:54]} 33. Bxe6+ {[%clk 0:11:41]} Kxe6 {[%clk 0:04:16]} 1-0

[Event "World Chess Olympiad 2018"]
[Site "Batumi"]
[Date "2018.10.04"]
[Round "10"]
[Board "4"]
[WhiteFideId "23600179"]
[White "Fernandes Luis De Pina"]
[BlackFideId "16000072"]
[Black "Niyibizi Alain Patience"]
[Result "1/2-1/2"]
[LiveChessVersion "1.4.8"]
[BlackElo "1756"]
[WhiteElo "1654"]

1. e4 {[%clk 1:30:34]} e6 {[%clk 1:30:52]} 2. d4 {[%clk 1:30:37]} d5
{[%clk 1:31:17]} 3. Nd2 {[%clk 1:30:38]} c5 {[%clk 1:30:59]} 4. c3
{[%clk 1:30:06]} Nc6 {[%clk 1:29:09]} 5. Ne2 {[%clk 1:23:09]} dxe4
{[%clk 1:27:42]} 6. Nxe4 {[%clk 1:22:23]} cxd4 {[%clk 1:27:25]} 7. Nxd4
{[%clk 1:22:16]} Nxd4 {[%clk 1:24:27]} 8. Qxd4 {[%clk 1:22:15]} Qxd4
{[%clk 1:24:24]} 9. cxd4 {[%clk 1:22:41]} a6 {[%clk 1:24:29]} 10. Bc4
{[%clk 1:18:57]} b5 {[%clk 1:24:23]} 11. Bb3 {[%clk 1:19:12]} Bb7
{[%clk 1:24:40]} 12. f3 {[%clk 1:18:27]} Bb4+ {[%clk 1:22:57]} 13. Bd2
{[%clk 1:17:44]} Bxd2+ {[%clk 1:22:45]} 14. Kxd2 {[%clk 1:18:12]} Bxe4
{[%clk 1:22:34]} 15. fxe4 {[%clk 1:18:37]} Nf6 {[%clk 1:22:46]} 16. Rhe1
{[%clk 1:18:08]} O-O {[%clk 1:22:37]} 17. h3 {[%clk 1:17:10]} Rfd8
{[%clk 1:22:01]} 18. Ke3 {[%clk 1:17:25]} h6 {[%clk 1:21:38]} 19. Rac1
{[%clk 1:17:09]} Rac8 {[%clk 1:15:25]} 20. Rxc8 {[%clk 1:07:47]} Rxc8
{[%clk 1:14:45]} 21. Re2 {[%clk 1:08:09]} g5 {[%clk 1:13:19]} 22. Rc2
{[%clk 1:08:24]} Rxc2 {[%clk 1:13:24]} 23. Bxc2 {[%clk 1:08:46]} Nh5
{[%clk 1:13:35]} 24. Bd3 {[%clk 1:08:43]} Kf8 {[%clk 1:11:26]} 25. a4
{[%clk 1:08:46]} Nf4 {[%clk 1:10:06]} 26. axb5 {[%clk 1:03:11]} axb5
{[%clk 1:07:24]} 27. Bxb5 {[%clk 1:03:10]} Nxg2+ {[%clk 1:07:45]} 28. Kf2
{[%clk 1:01:41]} Nf4 {[%clk 1:07:35]} 29. Bf1 {[%clk 1:01:32]} Ke7
{[%clk 1:07:18]} 30. b4 {[%clk 1:01:53]} Nh5 {[%clk 1:06:17]} 31. b5
{[%clk 1:01:20]} Nf6 {[%clk 1:06:13]} 32. Ke3 {[%clk 0:57:58]} Nd7
{[%clk 1:04:45]} 33. Kf3 {[%clk 0:38:36]} f5 {[%clk 0:40:24]} 34. Be2
{[%clk 0:19:51]} Kf6 {[%clk 0:37:34]} 35. exf5 {[%clk 0:18:31]} exf5
{[%clk 0:33:45]} 36. Ke3 {[%clk 0:18:26]} Ke6 {[%clk 0:32:30]} 37. Bf3
{[%clk 0:18:37]} Nb6 {[%clk 0:27:18]} 38. Kd3 {[%clk 0:07:38]} Kd6
{[%clk 0:21:40]} 39. Ke2 {[%clk 0:02:06]} Nc4 {[%clk 0:19:31]} 40. Kf2
{[%clk 0:31:29]} Kc7 {[%clk 0:46:56]} 41. Be2 {[%clk 0:27:07]} Nd6
{[%clk 0:46:53]} 42. Bd3 {[%clk 0:26:32]} Kb6 {[%clk 0:46:19]} 43. Kg3
{[%clk 0:26:56]} f4+ {[%clk 0:44:34]} 44. Kg4 {[%clk 0:26:05]} Nxb5
{[%clk 0:43:30]} 45. h4 {[%clk 0:23:07]} Nxd4 {[%clk 0:34:30]} 46. hxg5
{[%clk 0:23:26]} hxg5 {[%clk 0:34:29]} 47. Kxg5 {[%clk 0:23:54]} f3
{[%clk 0:34:33]} 48. Kf4 {[%clk 0:23:16]} Kc5 {[%clk 0:34:17]} 1/2-1/2

[Event "World Chess Olympiad 2018"]
[Site "Batumi"]
[Date "2018.10.04"]
[Round "10"]
[Board "1"]
[WhiteFideId "24613959"]
[White "Stratonowitsch Andre"]
[BlackFideId "23800011"]
[Black "Bailey Matthew"]
[Result "1-0"]
[LiveChessVersion "1.4.8"]
[BlackElo "1060"]
[WhiteElo "2138"]

1. e4 {[%clk 1:30:59]} c5 {[%clk 1:30:40]} 2. Nf3 {[%clk 1:31:22]} d6
{[%clk 1:31:02]} 3. d4 {[%clk 1:31:48]} cxd4 {[%clk 1:31:26]} 4. Nxd4
{[%clk 1:32:13]} Nf6 {[%clk 1:31:50]} 5. Nc3 {[%clk 1:32:40]} a6 {[%clk 1:32:15]}
6. Bg5 {[%clk 1:33:02]} e6 {[%clk 1:32:36]} 7. Qd2 {[%clk 1:32:16]} Be7
{[%clk 1:32:46]} 8. Be2 {[%clk 1:31:15]} Nbd7 {[%clk 1:32:31]} 9. O-O-O
{[%clk 1:30:19]} Qc7 {[%clk 1:32:33]} 10. Kb1 {[%clk 1:26:32]} b5
{[%clk 1:32:18]} 11. a3 {[%clk 1:24:12]} Bb7 {[%clk 1:32:40]} 12. f3
{[%clk 1:24:02]} O-O {[%clk 1:33:03]} 13. Nb3 {[%clk 1:22:38]} Rac8
{[%clk 1:33:02]} 14. h4 {[%clk 1:22:17]} Rfd8 {[%clk 1:33:13]} 15. h5
{[%clk 1:13:02]} Ne5 {[%clk 1:10:31]} 16. h6 {[%clk 1:05:44]} g6 {[%clk 1:09:49]}
17. Qd4 {[%clk 0:48:32]} Nc6 {[%clk 0:51:49]} 18. Qe3 {[%clk 0:46:53]} Ne8
{[%clk 0:51:06]} 19. Bxe7 {[%clk 0:42:48]} Qxe7 {[%clk 0:48:27]} 20. f4
{[%clk 0:39:44]} Qf6 {[%clk 0:38:48]} 21. Rhf1 {[%clk 0:35:59]} Nc7
{[%clk 0:33:02]} 22. g4 {[%clk 0:34:40]} d5 {[%clk 0:27:49]} 23. e5
{[%clk 0:27:39]} Qe7 {[%clk 0:26:52]} 24. Qc5 {[%clk 0:25:33]} Qxc5
{[%clk 0:23:31]} 25. Nxc5 {[%clk 0:23:26]} Ba8 {[%clk 0:23:12]} 26. Bd3
{[%clk 0:23:31]} d4 {[%clk 0:20:51]} 27. N3e4 {[%clk 0:22:56]} Nd5
{[%clk 0:19:46]} 28. Rf2 {[%clk 0:22:00]} Ne3 {[%clk 0:17:26]} 29. Rg1
{[%clk 0:22:00]} Nb8 {[%clk 0:16:57]} 30. f5 {[%clk 0:21:12]} exf5
{[%clk 0:16:16]} 31. gxf5 {[%clk 0:21:26]} Bxe4 {[%clk 0:16:09]} 32. Nxe4
{[%clk 0:21:45]} Nc6 {[%clk 0:15:00]} 33. e6 {[%clk 0:21:14]} Rf8
{[%clk 0:13:35]} 34. Nd6 {[%clk 0:20:28]} Ra8 {[%clk 0:13:52]} 35. Nxf7
{[%clk 0:20:34]} Nd8 {[%clk 0:13:47]} 36. fxg6 {[%clk 0:19:45]} Nxf7
{[%clk 0:14:00]} 37. gxf7+ {[%clk 0:20:00]} Kh8 {[%clk 0:14:09]} 38. Rg7
{[%clk 0:20:04]} 1-0